000 01091nam a22002657a 4500
999 _c15572
_d15572
003 AR-CdUCM
008 190429b ||||| |||| 00| 0 spa d
040 _aMUNICIPALIDAD PROVINCIAL DEL CUSCO
_cBIBLIOTECA MUNICIPAL DEL CUSCO
082 _aC / 985.61 /
_bC567
100 _aChoquehuanca Huanca, Andrés
_96356
245 _aOrganización espacial del valle del Cusco /
260 _aCusco :
_bUniversidad Nacional de San Antonio de Abad del Cusco. Consejo de Investigación,
_c1996.
300 _a70 páginas ;
_bMapas,
_c25 cm.
440 _aInforme ;
_n7
_934686
505 _aContenido: La cuenca fluvial del rió Watanay -- Valle del Cusco -- Unidades ambientales del valle del Cusco ...
650 _aCuencas hidrográficas
_934687
650 _aValle del Cusco
_934688
650 _aPerú
_935
700 _aMontalván del Río, Luis
_934689
700 _aBarcena C. Francisco
_934690
710 _aUniversidad Nacional San Antonio de Abad (Cusco)
_91879
710 _aFacultad de Ingeniería Geológica y Geografía
_934691
942 _2ddc
_cLIBROS
945 _aacv
_d2019-04-29